[Event "55. Bulgaria ch 2006"]
[Site "Svilenggrad BUL"]
[Date "2006.03.05"]
[Round "5.1"]
[White "Chilingirova, Pavlina"]
[Black "Raeva, Elitsa"]
[Result "1/2-1/2"]
[WhiteElo "2217"]
[BlackElo "2210"]
[PlyCount "75"]
[EventDate "2006.03.03"]
[EventType "tourn"]
[EventRounds "1"]
[EventCountry "BUL"]
[EventCategory "6"]
[Source "lmi"]
[SourceDate "2006.03.11"]

1. c4 c5 2. Nf3 Nc6 3. Nc3 g6 4. e3 Bg7 5. d4 cxd4 6. exd4 d6 7. Be2 Nf6 8. O-O
O-O 9. d5 Ne5 10. Nxe5 dxe5 11. Be3 b6 12. b4 Bb7 13. Qb3 Qd7 14. Rad1 e6 15.
d6 Rab8 16. Rd2 Rfd8 17. Rfd1 Ba8 18. Qc2 Qc6 19. Bf1 Ng4 20. Bg5 f6 21. Bh4
Nh6 22. f3 Nf5 23. Bf2 Rxd6 24. b5 Qc7 25. Ne4 Nd4 26. Qb2 Bxe4 27. fxe4 Rbd8
28. Bxd4 exd4 29. Bd3 Qc5 30. Rf2 Qh5 31. Rf3 f5 32. Qe2 Bh6 33. exf5 Be3+ 34.
Kh1 exf5 35. Bxf5 Bf4 36. Be6+ Kh8 37. g4 Qxh2+ 38. Qxh2 1/2-1/2

[Event "55. Bulgaria ch 2006"]
[Site "Svilenggrad BUL"]
[Date "2006.03.05"]
[Round "5.2"]
[White "Jordanova, Svetla"]
[Black "Nikolova, Adriana"]
[Result "1-0"]
[WhiteElo "2187"]
[BlackElo "2112"]
[PlyCount "105"]
[EventDate "2006.03.03"]
[EventType "tourn"]
[EventRounds "1"]
[EventCountry "BUL"]
[EventCategory "6"]
[Source "lmi"]
[SourceDate "2006.03.11"]

1. e4 c5 2. c3 Nf6 3. e5 Nd5 4. d4 cxd4 5. Nf3 e6 6. cxd4 d6 7. Bc4 Nc6 8. O-O
Be7 9. Qe2 O-O 10. Re1 Kh8 11. Nbd2 Qc7 12. a3 a6 13. Nf1 b5 14. Bd3 Qb6 15.
Qe4 f5 16. exf6 Nxf6 17. Qh4 Kg8 18. Be3 Qd8 19. Rac1 Qe8 20. Ng3 Bd7 21. Bg5
g6 22. Ne4 Qf7 23. Rc2 Rac8 24. Rec1 Nxe4 25. Bxe4 d5 26. Bd3 Bxg5 27. Qxg5 Qg7
28. Qe3 Rfe8 29. h3 Qe7 30. Rc5 Qd6 31. b4 Ne7 32. Ne5 Nf5 33. Bxf5 exf5 34. f4
Red8 35. R1c3 Qe6 36. Qc1 Rxc5 37. Rxc5 Kf8 38. Qc3 Ke8 39. Qb3 Bc8 40. Rc6 Rd6
41. Rc7 Bd7 42. Qc3 Qf6 43. Qc5 Qe6 44. Kh2 h6 45. Qa7 g5 46. Qb8+ Ke7 47. fxg5
hxg5 48. Qh8 f4 49. Ra7 f3 50. gxf3 Qf5 51. Qg7+ Ke8 52. Ra8+ Bc8 53. Rxc8+ 1-0

[Event "55. Bulgaria ch 2006"]
[Site "Svilenggrad BUL"]
[Date "2006.03.05"]
[Round "5.3"]
[White "Voiska, Margarita"]
[Black "Djingarova, Emilia"]
[Result "1/2-1/2"]
[WhiteElo "2308"]
[BlackElo "2346"]
[PlyCount "22"]
[EventDate "2006.03.03"]
[EventType "tourn"]
[EventRounds "1"]
[EventCountry "BUL"]
[EventCategory "6"]
[Source "lmi"]
[SourceDate "2006.03.11"]

1. d4 Nf6 2. c4 e6 3. Nc3 d5 4. cxd5 exd5 5. Bg5 Be7 6. e3 O-O 7. Nf3 c6 8. Bd3
Bg4 9. h3 Bh5 10. g4 Bg6 11. Bxg6 hxg6 1/2-1/2

[Event "55. Bulgaria ch 2006"]
[Site "Svilenggrad BUL"]
[Date "2006.03.05"]
[Round "5.4"]
[White "Savova, Stefka"]
[Black "Videnova, Iva"]
[Result "1-0"]
[WhiteElo "2204"]
[BlackElo "2058"]
[PlyCount "91"]
[EventDate "2006.03.03"]
[EventType "tourn"]
[EventRounds "1"]
[EventCountry "BUL"]
[EventCategory "6"]
[Source "lmi"]
[SourceDate "2006.03.11"]

1. d4 c5 2. e3 Nf6 3. Nf3 g6 4. Be2 Bg7 5. O-O O-O 6. c4 cxd4 7. Nxd4 Nc6 8.
Nc3 d5 9. cxd5 Nxd5 10. Nxd5 Nxd4 11. Nxe7+ Qxe7 12. exd4 Rd8 13. d5 Qc5 14.
Bf3 Be6 15. Bg5 Rd7 16. Rc1 Qb5 17. Qc2 Bxd5 18. Qc8+ Rxc8 19. Rxc8+ Bf8 20.
Bh6 Qc5 21. Rxc5 Bxc5 22. Rd1 Bc6 23. Rxd7 Bxd7 24. Bxb7 Be6 25. b3 a5 26. Ba6
Ba3 27. Bd3 Bd7 28. Kf1 Bc6 29. f3 Bd6 30. h3 a4 31. bxa4 Bxa4 32. Bc4 Bb4 33.
Ke2 Bc2 34. Bb3 Bf5 35. a4 Bc8 36. Bc4 Bb7 37. Kd3 Ba5 38. Bd2 Bxd2 39. Kxd2
Kf8 40. Ke3 f5 41. Kd4 Ke7 42. Kc5 g5 43. a5 g4 44. hxg4 fxg4 45. a6 gxf3 46.
gxf3 1-0

[Event "55. Bulgaria ch 2006"]
[Site "Svilenggrad BUL"]
[Date "2006.03.05"]
[Round "5.5"]
[White "Genova, Ruzka"]
[Black "Andreeva, Plamena"]
[Result "1/2-1/2"]
[WhiteElo "2218"]
[BlackElo "2071"]
[PlyCount "89"]
[EventDate "2006.03.03"]
[EventType "tourn"]
[EventRounds "1"]
[EventCountry "BUL"]
[EventCategory "6"]
[Source "lmi"]
[SourceDate "2006.03.11"]

1. d4 Nf6 2. Nf3 d6 3. c4 g6 4. Nc3 Bf5 5. Bg5 Bg7 6. e3 O-O 7. Be2 h6 8. Bh4
Nbd7 9. h3 Ne4 10. Nxe4 Bxe4 11. O-O g5 12. Bg3 c5 13. Qd2 cxd4 14. Nxd4 Rc8
15. Rac1 a5 16. f3 Bg6 17. Bf2 Nc5 18. e4 b6 19. b3 Kh7 20. Rfd1 Qd7 21. Nb5 f5
22. exf5 Qxf5 23. Bf1 Be5 24. Re1 Rf7 25. Rcd1 h5 26. Nd4 Qf6 27. Be3 g4 28. f4
Ne4 29. fxe5 dxe5 30. Qb2 exd4 31. Qxd4 Qh4 32. Bd3 gxh3 33. Bxe4 Bxe4 34. Bg5
h2+ 35. Kh1 Bxg2+ 36. Kxg2 Qxg5+ 37. Kxh2 Rcf8 38. Qe4+ Qg6 39. Qxg6+ Kxg6 40.
Re6+ Rf6 41. Rxe7 Rf2+ 42. Kg1 R8f6 43. Re6 Rf1+ 44. Rxf1 Rxe6 45. Rf2 1/2-1/2

[Event "55. Bulgaria ch 2006"]
[Site "Svilenggrad BUL"]
[Date "2006.03.05"]
[Round "6.1"]
[White "Raeva, Elitsa"]
[Black "Velcheva, Maria"]
[Result "1-0"]
[WhiteElo "2210"]
[BlackElo "2286"]
[PlyCount "107"]
[EventDate "2006.03.03"]
[EventType "tourn"]
[EventRounds "1"]
[EventCountry "BUL"]
[EventCategory "6"]
[Source "lmi"]
[SourceDate "2006.03.11"]

1. d4 d5 2. Nf3 Nf6 3. c4 c6 4. c5 b6 5. cxb6 axb6 6. Nc3 Ba6 7. g3 e6 8. Bg2
Bd6 9. O-O Nbd7 10. Re1 O-O 11. Bg5 h6 12. Bxf6 Nxf6 13. Rc1 Qe7 14. a3 Bb7 15.
Na4 Nd7 16. Qc2 f5 17. e3 c5 18. Nxb6 Nxb6 19. dxc5 Rfc8 20. cxd6 Qxd6 21. Qb3
Rcb8 22. Nd4 Nc4 23. Qc3 Rc8 24. Qd3 Rcb8 25. Nxf5 Qe5 26. Nd4 Nxb2 27. Qg6
Rxa3 28. Bh3 Qf6 29. Bxe6+ Kh8 30. Qxf6 gxf6 31. Rc7 Ba8 32. Rb1 Rb6 33. Bf5
Nc4 34. Rxb6 Nxb6 35. Rh7+ Kg8 36. Rxh6 Kg7 37. Rh7+ Kg8 38. Re7 Nc4 39. h4 Nd6
40. Bg6 Bb7 41. Rd7 Ra6 42. h5 Bc8 43. Rd8+ Kg7 44. Kg2 Rb6 45. Bd3 f5 46. Be2
Kh6 47. Bf3 Ra6 48. Bxd5 Kxh5 49. Rxc8 Nxc8 50. Bb7 Rg6 51. Bxc8 f4 52. exf4
Rd6 53. g4+ Kg6 54. Nf3 1-0

[Event "55. Bulgaria ch 2006"]
[Site "Svilenggrad BUL"]
[Date "2006.03.05"]
[Round "6.3"]
[White "Videnova, Iva"]
[Black "Genova, Ruzka"]
[Result "1/2-1/2"]
[WhiteElo "2058"]
[BlackElo "2218"]
[PlyCount "153"]
[EventDate "2006.03.03"]
[EventType "tourn"]
[EventRounds "1"]
[EventCountry "BUL"]
[EventCategory "6"]
[Source "lmi"]
[SourceDate "2006.03.11"]

1. c4 Nf6 2. g3 c5 3. Bg2 Nc6 4. Nc3 g6 5. e4 d6 6. Nge2 Bg7 7. O-O O-O 8. Rb1
Be6 9. d3 Qd7 10. Nf4 Nd4 11. Nxe6 Nxe6 12. f4 Rab8 13. f5 Nd4 14. g4 Ne8 15.
g5 gxf5 16. Bh3 e6 17. exf5 Nxf5 18. Bxf5 exf5 19. Qf3 Bd4+ 20. Kh1 Ng7 21. Nd5
f6 22. gxf6 Bxf6 23. Bh6 Be5 24. Rg1 Kh8 25. b3 Rf7 26. Bxg7+ Bxg7 27. Rbf1 Bd4
28. Rg5 Rg8 29. Rxg8+ Kxg8 30. Qh5 Qe6 31. Rxf5 Qe1+ 32. Kg2 Qd2+ 33. Kh1 Qc1+
34. Kg2 Qc2+ 35. Kh1 Qb1+ 36. Kg2 Rg7+ 37. Kh3 Qxd3+ 38. Qf3 Qxf3+ 39. Rxf3 Rf7
40. Rg3+ Kf8 41. Kg4 Rf2 42. Rf3+ Rxf3 43. Kxf3 Kf7 44. h3 Be5 45. Kg4 Ke6 46.
Nc7+ Kd7 47. Nd5 Kc6 48. Kf5 b5 49. h4 bxc4 50. bxc4 Bb2 51. Ke6 Be5 52. h5 Bb2
53. Ne7+ Kc7 54. Nf5 Be5 55. Kf7 Kc6 56. Ne7+ Kd7 57. Nd5 Bb2 58. Kg8 Ke6 59.
Kxh7 Ke5 60. Kg6 Bc1 61. Nc3 a6 62. Kf7 Bd2 63. Ne2 d5 64. cxd5 Kxd5 65. Kg6
Kc4 66. h6 Bxh6 67. Kxh6 Kb4 68. Kg5 Ka3 69. Kf4 Kxa2 70. Ke3 a5 71. Kd2 Kb2
72. Nc3 c4 73. Na4+ Kb3 74. Nc3 a4 75. Nxa4 Kxa4 76. Kc3 Kb5 77. Kc2 1/2-1/2

[Event "55. Bulgaria ch 2006"]
[Site "Svilenggrad BUL"]
[Date "2006.03.05"]
[Round "6.4"]
[White "Djingarova, Emilia"]
[Black "Savova, Stefka"]
[Result "1-0"]
[WhiteElo "2346"]
[BlackElo "2204"]
[PlyCount "115"]
[EventDate "2006.03.03"]
[EventType "tourn"]
[EventRounds "1"]
[EventCountry "BUL"]
[EventCategory "6"]
[Source "lmi"]
[SourceDate "2006.03.11"]

1. e4 c5 2. Nc3 d6 3. f4 Nc6 4. Nf3 a6 5. d4 cxd4 6. Nxd4 Nf6 7. Be2 Bd7 8.
Nxc6 Bxc6 9. Bf3 e5 10. O-O Be7 11. Kh1 Rc8 12. a4 O-O 13. Qe1 Kh8 14. Qg3 Qc7
15. a5 Rce8 16. Be3 Nd7 17. f5 Ra8 18. Qf2 Rac8 19. Rg1 Qd8 20. Rgd1 Kg8 21. g4
h6 22. Rd3 Re8 23. Qg2 Ra8 24. Rg1 Nf8 25. Bb6 Qc8 26. Be3 Nh7 27. Qf2 Qd8 28.
Bb6 Qc8 29. h4 g5 30. fxg6 fxg6 31. Be3 Kg7 32. Qd2 g5 33. Nd5 Bxd5 34. exd5
Rf8 35. Be4 Qc4 36. Qg2 Nf6 37. Bf5 Rh8 38. h5 Rhf8 39. Be6 Qe4 40. Rc3 Bd8 41.
Qxe4 Nxe4 42. Rc4 Nf6 43. Ra1 Re8 44. Ra3 Rb8 45. Ba7 Ra8 46. Bb6 Bxb6 47. axb6
Re7 48. Rc7 Rae8 49. Rf3 e4 50. Rf1 e3 51. Kg2 e2 52. Re1 Kf8 53. c4 Rxe6 54.
dxe6 Rxe6 55. Kf3 d5 56. c5 Re7 57. Rxe2 Ne4 58. c6 1-0

[Event "55. Bulgaria ch 2006"]
[Site "Svilenggrad BUL"]
[Date "2006.03.05"]
[Round "6.5"]
[White "Nikolova, Adriana"]
[Black "Voiska, Margarita"]
[Result "1/2-1/2"]
[WhiteElo "2112"]
[BlackElo "2308"]
[PlyCount "66"]
[EventDate "2006.03.03"]
[EventType "tourn"]
[EventRounds "1"]
[EventCountry "BUL"]
[EventCategory "6"]
[Source "lmi"]
[SourceDate "2006.03.11"]

1. e4 g6 2. d4 Bg7 3. f4 d5 4. e5 Nh6 5. Nf3 f6 6. Bd3 Bg4 7. Be3 O-O 8. Nbd2
Nf5 9. Bf2 Bh6 10. g3 c5 11. c3 cxd4 12. cxd4 Qa5 13. O-O Nc6 14. Be2 Bh3 15.
Re1 g5 16. Nb3 Qb6 17. fxg5 fxg5 18. Kh1 g4 19. Ng1 Nxe5 20. Nc5 Ng7 21. Nxh3
gxh3 22. Bg1 Nc4 23. Nd7 Qxb2 24. Nxf8 Rxf8 25. Qb3 Qd2 26. Rad1 Qg5 27. Bxc4
dxc4 28. Qxc4+ Kh8 29. Re5 Qf6 30. Qd5 Nf5 31. Qe4 Nd6 32. Qe2 Rf7 33. d5 Bg7
1/2-1/2

[Event "55. Bulgaria ch 2006"]
[Site "Svilenggrad BUL"]
[Date "2006.03.05"]
[Round "6.6"]
[White "Chilingirova, Pavlina"]
[Black "Jordanova, Svetla"]
[Result "1-0"]
[WhiteElo "2217"]
[BlackElo "2187"]
[PlyCount "99"]
[EventDate "2006.03.03"]
[EventType "tourn"]
[EventRounds "1"]
[EventCountry "BUL"]
[EventCategory "6"]
[Source "lmi"]
[SourceDate "2006.03.11"]

1. c4 Nf6 2. Nc3 e6 3. Nf3 d5 4. e3 Be7 5. Qc2 O-O 6. d4 c6 7. Be2 Nbd7 8. O-O
b6 9. e4 dxe4 10. Nxe4 Bb7 11. Rd1 Qc7 12. Bg5 Rfe8 13. Nxf6+ Bxf6 14. c5 Rad8
15. b4 h6 16. Bxf6 Nxf6 17. Ne5 Nd7 18. Nc4 Re7 19. Nd6 Nf6 20. Bf3 Nd5 21.
Bxd5 exd5 22. Re1 Bc8 23. Qd2 Rxe1+ 24. Rxe1 Be6 25. f4 Qd7 26. h3 bxc5 27.
bxc5 Rb8 28. Qf2 f6 29. f5 Bf7 30. Qe3 Kf8 31. Qd2 Qc7 32. Qc2 Be8 33. Re3 Bd7
34. Rb3 Rxb3 35. Qxb3 Bc8 36. Qa4 Bd7 37. Qa6 Ke7 38. Qe2+ Kd8 39. Nf7+ Kc8 40.
Qe7 Kb8 41. Qf8+ Bc8 42. Nd6 a5 43. a4 Qd7 44. g4 Qc7 45. Kg2 Qd7 46. Kg3 Qc7
47. Kh4 Qd7 48. Kh5 g6+ 49. Kxg6 Ka7 50. Nxc8+ 1-0

[Event "55. Bulgaria ch 2006"]
[Site "Svilenggrad BUL"]
[Date "2006.03.06"]
[Round "7.1"]
[White "Jordanova, Svetla"]
[Black "Raeva, Elitsa"]
[Result "0-1"]
[WhiteElo "2187"]
[BlackElo "2210"]
[PlyCount "114"]
[EventDate "2006.03.03"]
[EventType "tourn"]
[EventRounds "1"]
[EventCountry "BUL"]
[EventCategory "6"]
[Source "lmi"]
[SourceDate "2006.03.11"]

1. e4 c5 2. c3 d5 3. exd5 Qxd5 4. d4 Nc6 5. Nf3 Bg4 6. dxc5 Qxc5 7. Be3 Qa5 8.
h3 Bh5 9. Nbd2 Nf6 10. Qb3 Qc7 11. O-O-O e6 12. g4 Bg6 13. Nd4 a6 14. Qa4 Be7
15. Nxc6 bxc6 16. Bf4 Qb7 17. Bg2 Nd5 18. Bxd5 exd5 19. Rhe1 O-O 20. Nb3 Bh4
21. Be3 Qb5 22. Qf4 h6 23. Qb4 Qxb4 24. cxb4 f5 25. gxf5 Bxf5 26. Rg1 Kh7 27.
Nd4 Bd7 28. Rd2 a5 29. bxa5 Rxa5 30. a3 Bf6 31. Rc2 Rb8 32. Nxc6 Bxc6 33. Rxc6
Bxb2+ 34. Kc2 Rxa3 35. Bc5 Rc3+ 36. Kd2 Rxh3 37. Bb6 Bf6 38. Ke2 Rb3 39. Be3 d4
40. Bf4 d3+ 41. Kf3 Rf8 42. Kg2 Bd4 43. Be3 Bxe3 44. fxe3 Rb2+ 45. Kg3 Re2 46.
Rc7 Rxe3+ 47. Kg4 d2 48. Rd1 Rd8 49. Rc2 Red3 50. Kf5 g6+ 51. Kf6 h5 52. Rc7+
R8d7 53. Rc2 R7d6+ 54. Kf7 h4 55. Rc4 R6d4 56. Rc8 Re4 57. Kf6 Rf3+ 0-1

[Event "55. Bulgaria ch 2006"]
[Site "Svilenggrad BUL"]
[Date "2006.03.06"]
[Round "7.2"]
[White "Voiska, Margarita"]
[Black "Chilingirova, Pavlina"]
[Result "1/2-1/2"]
[WhiteElo "2308"]
[BlackElo "2217"]
[PlyCount "128"]
[EventDate "2006.03.03"]
[EventType "tourn"]
[EventRounds "1"]
[EventCountry "BUL"]
[EventCategory "6"]
[Source "lmi"]
[SourceDate "2006.03.11"]

1. d4 d5 2. c4 c6 3. cxd5 cxd5 4. Nc3 Nf6 5. Nf3 Nc6 6. Bf4 e6 7. e3 Bd6 8.
Bxd6 Qxd6 9. Bd3 O-O 10. O-O e5 11. dxe5 Nxe5 12. Be2 Be6 13. Qd4 Nxf3+ 14.
Bxf3 Rfd8 15. Rfd1 Qe7 16. Rac1 b6 17. Qh4 Rac8 18. Rd4 Rc4 19. Rcd1 Rxd4 20.
Rxd4 Rd7 21. h3 h6 22. Qf4 Qd8 23. Qe5 Qc7 24. Qxc7 Rxc7 25. g4 Rc4 26. Kg2
Rxd4 27. exd4 Kf8 28. Kg3 g5 29. Bg2 Ke7 30. f4 Bd7 31. Bxd5 Ne8 32. Bc4 f5 33.
Nd5+ Kd6 34. Ne3 fxg4 35. hxg4 Nf6 36. fxg5 hxg5 37. Nf5+ Kc7 38. Bf7 Ne4+ 39.
Kf3 Nd6 40. Nxd6 Kxd6 41. Bc4 Bc6+ 42. Ke3 Bd7 43. Be2 Kd5 44. Bf3+ Kd6 45. Kd3
Be6 46. a3 a5 47. Kc3 Bf7 48. Be4 Be6 49. Bf5 Bd5 50. Kd3 Bb3 51. Ke3 Bd1 52.
Kd2 Bb3 53. Be4 Be6 54. Bf3 Bf7 55. Kd3 Be6 56. Bd1 Bd5 57. Be2 Ke7 58. b4 axb4
59. axb4 Kd6 60. Kc3 Be6 61. Bf3 Ba2 62. Kb2 Be6 63. Ka3 Bc4 64. Ka4 Bd3
1/2-1/2

[Event "55. Bulgaria ch 2006"]
[Site "Svilenggrad BUL"]
[Date "2006.03.06"]
[Round "7.3"]
[White "Savova, Stefka"]
[Black "Nikolova, Adriana"]
[Result "1-0"]
[WhiteElo "2204"]
[BlackElo "2112"]
[PlyCount "183"]
[EventDate "2006.03.03"]
[EventType "tourn"]
[EventRounds "1"]
[EventCountry "BUL"]
[EventCategory "6"]
[Source "lmi"]
[SourceDate "2006.03.11"]

1. e4 c5 2. Nc3 d6 3. f4 Nc6 4. Nf3 Bg4 5. Bb5 e6 6. O-O Nge7 7. d4 cxd4 8.
Qxd4 a6 9. Bxc6+ Nxc6 10. Qf2 Bxf3 11. Qxf3 Be7 12. Be3 b5 13. Rad1 O-O 14. Kh1
Qc7 15. Qg3 b4 16. Na4 Bf6 17. b3 Rab8 18. Qf2 Rb5 19. Rd3 Be7 20. Bb6 Qb7 21.
c4 bxc3 22. Rxc3 Bf6 23. Rd3 Nb4 24. Rxd6 Qxe4 25. Nc5 Qf5 26. a4 Be7 27. axb5
Bxd6 28. bxa6 Nd5 29. Nd7 Ra8 30. a7 Bxf4 31. g3 Qe4+ 32. Qf3 Qxf3+ 33. Rxf3
Bc7 34. Bc5 f6 35. b4 Nxb4 36. Bxb4 Rxa7 37. Rd3 Ra4 38. Bc5 h6 39. Rd2 Kh7 40.
Nxf6+ gxf6 41. Rd7+ Kg6 42. Rxc7 h5 43. h4 Ra2 44. Kg1 Rc2 45. Bb6 Rb2 46. Bf2
Ra2 47. Kg2 Kf5 48. Ra7 Rc2 49. Kf3 Rc3+ 50. Be3 e5 51. Rh7 e4+ 52. Ke2 Kg4 53.
Rg7+ Kf5 54. Rf7 Rc4 55. Bd2 Rc2 56. Rf8 Ra2 57. Rb8 Kg4 58. Rg8+ Kf5 59. Ke3
Ra3+ 60. Ke2 Ra2 61. Rc8 Kg4 62. Rc3 Rb2 63. Kd1 Rb1+ 64. Kc2 Ra1 65. Bf4 Ra2+
66. Kd1 Ra1+ 67. Ke2 Ra2+ 68. Ke3 f5 69. Rb3 Kh3 70. Bd6 Ra6 71. Be5 Kg4 72.
Kd4 Ra5 73. Bf4 Kh3 74. Bc7 Ra7 75. Bd6 Ra5 76. Rb8 Kg2 77. Ke3 Rd5 78. Rb2+
Kh3 79. Rd2 Rb5 80. Kf4 Ra5 81. Kg5 Rb5 82. Bf4 Ra5 83. Re2 Rd5 84. Kxh5 Rb5
85. Kg5 Ra5 86. h5 Ra8 87. Kxf5 Rf8+ 88. Kxe4 Re8+ 89. Be5 Re6 90. Kf5 Re8 91.
h6 Rf8+ 92. Ke4 1-0

[Event "55. Bulgaria ch 2006"]
[Site "Svilenggrad BUL"]
[Date "2006.03.06"]
[Round "7.5"]
[White "Draganova, Petranka"]
[Black "Videnova, Iva"]
[Result "0-1"]
[WhiteElo "2049"]
[BlackElo "2058"]
[PlyCount "116"]
[EventDate "2006.03.03"]
[EventType "tourn"]
[EventRounds "1"]
[EventCountry "BUL"]
[EventCategory "6"]
[Source "lmi"]
[SourceDate "2006.03.11"]

1. e4 c5 2. Nf3 Nc6 3. Bb5 g6 4. O-O Bg7 5. c3 Nf6 6. Qe2 O-O 7. d4 cxd4 8.
cxd4 d5 9. exd5 Nxd5 10. Bxc6 bxc6 11. Ne5 Qb6 12. Rd1 Be6 13. Nc3 Nxc3 14.
bxc3 Qb5 15. c4 Qa6 16. Bb2 Bxe5 17. Qxe5 Bxc4 18. d5 f6 19. Qe6+ Rf7 20. Rac1
cxd5 21. Qxa6 Bxa6 22. Rxd5 e5 23. Rd6 Bb7 24. f4 Raf8 25. Rc4 g5 26. f5 h5 27.
Ba3 Kg7 28. Rc3 Be4 29. Ra6 Rb8 30. Rb3 Rxb3 31. axb3 Bxf5 32. Bc5 Bd3 33. Rd6
Bb5 34. b4 a6 35. Kf2 Kg6 36. Rb6 Rd7 37. Bd6 Kf5 38. Ke3 h4 39. g3 hxg3 40.
hxg3 Bc4 41. Kf3 Bd5+ 42. Ke3 Bc4 43. Kf3 g4+ 44. Ke3 Rh7 45. Rc6 Bb5 46. Rc2
Ke6 47. Rd2 Rh3 48. Bc7 Rxg3+ 49. Kf2 Rd3 50. Rc2 f5 51. Rc5 Rd5 52. Rc2 f4 53.
Rc1 g3+ 54. Kf3 Kf5 55. Re1 e4+ 56. Kg2 Rd2+ 57. Kg1 Kg4 58. Rxe4 Rd1+ 0-1

[Event "55. Bulgaria ch 2006"]
[Site "Svilenggrad BUL"]
[Date "2006.03.06"]
[Round "7.6"]
[White "Velcheva, Maria"]
[Black "Andreeva, Plamena"]
[Result "1-0"]
[WhiteElo "2286"]
[BlackElo "2071"]
[PlyCount "81"]
[EventDate "2006.03.03"]
[EventType "tourn"]
[EventRounds "1"]
[EventCountry "BUL"]
[EventCategory "6"]
[Source "lmi"]
[SourceDate "2006.03.11"]

1. e4 c5 2. Nf3 d6 3. d4 Nf6 4. Nc3 cxd4 5. Nxd4 Nc6 6. g3 g6 7. Nde2 Bg7 8.
Bg2 O-O 9. O-O Rb8 10. a4 a6 11. Nd5 Nd7 12. c3 b5 13. axb5 axb5 14. Nd4 Nxd4
15. cxd4 e6 16. Nb4 Bb7 17. Be3 Nb6 18. b3 d5 19. e5 Ra8 20. Qe2 Qd7 21. Nd3
Bc6 22. Rfc1 Rfc8 23. Bf1 Bf8 24. Bd2 Rxa1 25. Rxa1 Ra8 26. Rxa8 Nxa8 27. Nb4
Nc7 28. Qe1 Bb7 29. Qa1 Be7 30. Qa7 Qc8 31. Qb6 Kg7 32. Nc6 Bxc6 33. Qxc6 b4
34. Bd3 Qb8 35. h4 Qa7 36. h5 gxh5 37. Qd7 Qa1+ 38. Kg2 Qxd4 39. Qxe7 Qxd3 40.
Qf6+ Kf8 41. Bg5 1-0

[Event "55. Bulgaria ch 2006"]
[Site "Svilenggrad BUL"]
[Date "2006.03.07"]
[Round "8.1"]
[White "Raeva, Elitsa"]
[Black "Andreeva, Plamena"]
[Result "1-0"]
[WhiteElo "2210"]
[BlackElo "2071"]
[PlyCount "95"]
[EventDate "2006.03.03"]
[EventType "tourn"]
[EventRounds "1"]
[EventCountry "BUL"]
[EventCategory "6"]
[Source "lmi"]
[SourceDate "2006.03.11"]

1. d4 Nf6 2. c4 d6 3. Nf3 g6 4. g3 Bg7 5. Bg2 Bf5 6. Nh4 Be4 7. f3 Bc6 8. O-O
O-O 9. Nc3 e5 10. d5 Bd7 11. f4 exf4 12. Bxf4 Ng4 13. Nf3 Re8 14. Qd2 Qe7 15.
e4 Na6 16. Rae1 Bc8 17. Nb5 Nc5 18. b4 Na4 19. Qc2 a6 20. Nxd6 cxd6 21. Qxa4 b5
22. Qc2 bxc4 23. h3 Ne5 24. Bxe5 Bxe5 25. Nxe5 Qxe5 26. Qf2 Re7 27. Re3 f5 28.
Ree1 Qc3 29. g4 Bd7 30. exf5 Rxe1 31. Rxe1 gxf5 32. Re7 Rf8 33. Rxd7 fxg4 34.
Qe2 Qd4+ 35. Kh1 gxh3 36. Qe6+ Kh8 37. Rxh7+ Kxh7 38. Be4+ Rf5 39. Bxf5+ Kg7
40. Qg6+ Kf8 41. Qxd6+ Kg7 42. Qe7+ Kh6 43. Qh7+ Kg5 44. Qg6+ Kh4 45. Qh6+ Kg3
46. Qxh3+ Kf2 47. Qg2+ Ke1 48. Qg1+ 1-0

[Event "55. Bulgaria ch 2006"]
[Site "Svilenggrad BUL"]
[Date "2006.03.07"]
[Round "8.2"]
[White "Videnova, Iva"]
[Black "Velcheva, Maria"]
[Result "1/2-1/2"]
[WhiteElo "2058"]
[BlackElo "2286"]
[PlyCount "155"]
[EventDate "2006.03.03"]
[EventType "tourn"]
[EventRounds "1"]
[EventCountry "BUL"]
[EventCategory "6"]
[Source "lmi"]
[SourceDate "2006.03.11"]

1. c4 e6 2. g3 Nf6 3. Bg2 d5 4. Nf3 dxc4 5. Qa4+ c6 6. Qxc4 b5 7. Qc2 Bb7 8. d4
Nbd7 9. O-O c5 10. a4 b4 11. a5 Rc8 12. Qd1 Be7 13. Nbd2 c4 14. a6 Bd5 15. Ne5
Bxg2 16. Kxg2 Nxe5 17. dxe5 Nd7 18. f4 Qc7 19. Nf3 O-O 20. Be3 Rfd8 21. Qa4 Nb6
22. Bxb6 Qxb6 23. Rad1 g6 24. Rd7 Rxd7 25. Qxd7 Qc5 26. Qd4 c3 27. bxc3 bxc3
28. Qxc5 Bxc5 29. Rc1 Be3 30. Rc2 Rc6 31. Ng5 Bb6 32. Ne4 Ba5 33. Kf3 Rxa6 34.
Ke3 Rc6 35. Kd3 Kf8 36. Nd6 Ke7 37. Nb5 a6 38. Nd4 Rc7 39. Ra2 Bb6 40. Nc2 Bg1
41. h3 Bh2 42. Rxa6 Bxg3 43. e3 g5 44. Ra4 gxf4 45. exf4 Kf8 46. Ke4 Kg7 47.
Kf3 Bh4 48. f5 Bg5 49. fxe6 fxe6 50. Ke4 Bd2 51. Kd3 Kg6 52. Rg4+ Kf5 53. Nd4+
Kxe5 54. Nf3+ Kf5 55. Nxd2 cxd2 56. Kxd2 e5 57. Ra4 h5 58. Ke2 Rc2+ 59. Kf3
Rc3+ 60. Kg2 Re3 61. Rh4 Kg5 62. Ra4 Rd3 63. Re4 Rd5 64. Kg3 Kf5 65. Rh4 Rd3+
66. Kg2 e4 67. Rxh5+ Kf4 68. Rh4+ Ke3 69. Rh8 Rd7 70. Re8 Rh7 71. Ra8 Rg7+ 72.
Kf1 Rf7+ 73. Ke1 Kf3 74. Ra3+ e3 75. Ra8 Rc7 76. Rf8+ Kg3 77. Ke2 Kxh3 78. Kxe3
1/2-1/2

[Event "55. Bulgaria ch 2006"]
[Site "Svilenggrad BUL"]
[Date "2006.03.07"]
[Round "8.3"]
[White "Djingarova, Emilia"]
[Black "Draganova, Petranka"]
[Result "1-0"]
[WhiteElo "2346"]
[BlackElo "2049"]
[PlyCount "113"]
[EventDate "2006.03.03"]
[EventType "tourn"]
[EventRounds "1"]
[EventCountry "BUL"]
[EventCategory "6"]
[Source "lmi"]
[SourceDate "2006.03.11"]

1. e4 d5 2. exd5 Qxd5 3. Nc3 Qa5 4. d4 Nf6 5. Nf3 c6 6. Bc4 Bg4 7. h3 Bh5 8. g4
Bg6 9. Bd2 e6 10. Qe2 Bb4 11. Ne5 Nbd7 12. O-O-O Nxe5 13. dxe5 Nd5 14. Nxd5
Bxd2+ 15. Qxd2 Qxd2+ 16. Rxd2 cxd5 17. Bb5+ Ke7 18. f3 a6 19. Be2 b5 20. Rd4
Rhc8 21. c3 Rc5 22. Kd2 f6 23. exf6+ gxf6 24. Ke3 e5 25. Rd2 a5 26. Rhd1 b4 27.
Rxd5 Rxd5 28. Rxd5 bxc3 29. bxc3 Bf7 30. Rd2 Rc8 31. Rc2 Bc4 32. Bd3 Bxd3 33.
Kxd3 Rd8+ 34. Ke4 Rb8 35. c4 a4 36. c5 Rb4+ 37. Kd5 Kd7 38. Rc4 Rb2 39. Rxa4
Rd2+ 40. Ke4 Rh2 41. Ra6 Re2+ 42. Kd3 Rh2 43. a4 f5 44. gxf5 Rxh3 45. Ke4 h5
46. a5 h4 47. Rh6 Rh1 48. a6 Ra1 49. a7 h3 50. Kxe5 h2 51. Rxh2 Kc6 52. Rh7
Kxc5 53. f6 Re1+ 54. Kf5 Re8 55. Rb7 Ra8 56. f7 Kc6 57. Rb8 1-0

[Event "55. Bulgaria ch 2006"]
[Site "Svilenggrad BUL"]
[Date "2006.03.07"]
[Round "8.4"]
[White "Nikolova, Adriana"]
[Black "Genova, Ruzka"]
[Result "0-1"]
[WhiteElo "2112"]
[BlackElo "2218"]
[PlyCount "56"]
[EventDate "2006.03.03"]
[EventType "tourn"]
[EventRounds "1"]
[EventCountry "BUL"]
[EventCategory "6"]
[Source "lmi"]
[SourceDate "2006.03.11"]

1. e4 c5 2. Nf3 d6 3. d4 cxd4 4. Nxd4 Nf6 5. Nc3 a6 6. Be2 e6 7. Be3 Be7 8. O-O
O-O 9. f4 Qc7 10. a4 Nc6 11. Kh1 Re8 12. Bf3 Rb8 13. Qe1 Bd7 14. Rd1 Nxd4 15.
Bxd4 e5 16. Be3 b5 17. axb5 Bxb5 18. Rf2 Bc6 19. b3 Bb7 20. g4 Rbc8 21. Rd3 d5
22. exd5 exf4 23. Bd4 Bc5 24. Ne2 Bxd5 25. h3 Bxd4 26. Rxd4 Bxf3+ 27. Rxf3 Qb7
28. Rdxf4 Rxc2 0-1

[Event "55. Bulgaria ch 2006"]
[Site "Svilenggrad BUL"]
[Date "2006.03.07"]
[Round "8.5"]
[White "Chilingirova, Pavlina"]
[Black "Savova, Stefka"]
[Result "1/2-1/2"]
[WhiteElo "2217"]
[BlackElo "2204"]
[PlyCount "48"]
[EventDate "2006.03.03"]
[EventType "tourn"]
[EventRounds "1"]
[EventCountry "BUL"]
[EventCategory "6"]
[Source "lmi"]
[SourceDate "2006.03.11"]

1. Nf3 Nf6 2. c4 g6 3. Nc3 d5 4. cxd5 Nxd5 5. e4 Nxc3 6. dxc3 Qxd1+ 7. Kxd1 Bg4
8. Bf4 c6 9. Be2 f6 10. h3 Bxf3 11. Bxf3 e5 12. Be3 Nd7 13. Bg4 Nc5 14. Bf3 a5
15. Kc2 Ne6 16. Be2 Bc5 17. Bxc5 Nxc5 18. f3 Ke7 19. Rhd1 h5 20. h4 Rad8 21. b3
Rxd1 22. Rxd1 f5 23. exf5 gxf5 24. a3 Rg8 1/2-1/2